Valuation Measuring and Managing the Value of Companies
Na minha lista:
| Autor principal: | |
|---|---|
| Outros Autores: | , |
| Formato: | Livro |
| Idioma: | inglês |
| Publicado em: |
Hoboken
Wiley
2020
|
| Edição: | 7th Edition |
| Assuntos: | |
| Tags: |
Sem tags, seja o primeiro a adicionar uma tag!
|
MARC
| LEADER | 00000nam a2200000 4500 | ||
|---|---|---|---|
| 001 | 0304830 | ||
| 005 | 20250102150316.8 | ||
| 020 | |a 978-1-119-61088-5 | ||
| 041 | 0 | |a eng | |
| 044 | |a US | ||
| 245 | 1 | 0 | |a Valuation |b Measuring and Managing the Value of Companies |c Tim Koller, Marc Goedhart, David Wessels |
| 250 | |a 7th Edition | ||
| 264 | 1 | |a Hoboken |b Wiley |c 2020 | |
| 300 | |a 878 s. | ||
| 610 | 2 | 0 | |a hodnota podniku |
| 610 | 2 | 0 | |a riadenie |
| 610 | 2 | 0 | |a riadenie strategické |
| 610 | 2 | 0 | |a meranie |
| 610 | 2 | 0 | |a oceňovanie ekonomické |
| 610 | 2 | 0 | |a portfólio |
| 100 | 1 | |a Koller, Tim | |
| 700 | 1 | |a Goedhart, Marc | |
| 700 | 1 | |a Wessels, David | |